000 00958nas a2200325 4500
001 BR2012009381
003 BR-BrBNA
005 20231205121704.0
007 ta
008 230509b bl.|||p| |||| 00| 00por d
040 _aBR-BrBNA
_bpor
_cBiblioteca Nacional de Agricultura
041 _a(Pt)
072 _aH50
100 1 _aLucas, D.D.P.
100 1 _aHeldwein, A.B.
100 1 _aMaldaner, I.C.
100 1 _aDalcin, J.S.
100 1 _aLoose, L.H.
245 1 _aEscala diagramática de quantificação de dano causado por granizo em folhas de girassol
650 _aGIRASSOL
650 _aFOLHA
650 _aGRANIZO
650 _aDANO
650 _aANÁLISE FOLIAR
650 _aANÁLISE QUANTITATIVA
650 _aDISTÚRBIO FISIOLÓGICO
773 0 _tRevista Ciência Agronômica (Brazil)
_xISSN 0045-6888
_g(Oct-Dec 2012), v. 43(4) p. 822-826
_wBR2012009381
909 _a202311
_bLúcia
_c55
_dLúcia Elande
942 _2AGRIS
_n0
_cANA
999 _c224735
_d224735